| Tag |
First Indicator |
Second Indicator |
Subfields |
| LEADER |
00000cam a22000008a 4500 |
| 001 |
in00000077129 |
| 005 |
20151008060537.0 |
| 008 |
811105s1982 nyua b 00110 eng |
| 010 |
|
|
|a 81017472
|
| 020 |
|
|
|a 0824715438
|
| 035 |
|
|
|a (OCoLC)07977495
|
| 035 |
|
|
|9 AAJ5993AM
|
| 039 |
0 |
|
|a 2
|b 3
|c 3
|d 3
|e 3
|
| 040 |
|
|
|a DLC
|c DLC
|d TXA
|d UtOrBLW
|
| 049 |
|
|
|a TXAM
|c [1672949]
|
| 050 |
0 |
0 |
|a QA402.5
|b .M355
|
| 082 |
0 |
|
|a 519.7
|2 19
|
| 245 |
0 |
0 |
|a Mathematical programming with data perturbations I /
|c edited by Anthony V. Fiacco.
|
| 263 |
|
|
|a 8201
|
| 264 |
|
1 |
|a New York :
|b M. Dekker,
|c [1982]
|
| 264 |
|
4 |
|c ©1982
|
| 300 |
|
|
|a x, 237 pages :
|b illustrations ;
|c 25 cm.
|
| 336 |
|
|
|a text
|b txt
|2 rdacontent
|
| 337 |
|
|
|a unmediated
|b n
|2 rdamedia
|
| 338 |
|
|
|a volume
|b nc
|2 rdacarrier
|
| 490 |
1 |
|
|a Lecture notes in pure and applied mathematics ;
|v v 73
|
| 500 |
|
|
|a "Papers presented to the First Symposium on Mathematical Programming with Data Perturbations, held on May 24-25, 1979, at the George Washington University"--Pref.
|
| 504 |
|
|
|a Includes bibliographical references and index.
|
| 650 |
|
0 |
|a Programming (Mathematics)
|
| 650 |
|
0 |
|a Perturbation (Mathematics)
|
| 700 |
1 |
|
|a Fiacco, Anthony V.
|
| 711 |
2 |
|
|a Symposium on Mathematical Programming with Data Perturbations
|n (1st :
|d 1979 :
|c George Washington University)
|
| 830 |
|
0 |
|a Lecture notes in pure and applied mathematics ;
|v v 73.
|
| 999 |
|
|
|a MARS
|
| 999 |
f |
f |
|s dc8aa7b0-6cda-3da6-bfec-7cd3ec90118b
|i 7314f71d-4e43-33eb-b484-b9ef10832d1c
|t 0
|
| 952 |
f |
f |
|p ric
|a Texas A&M University
|b Rellis Campus
|c Joint Library Facility
|d Remote Storage
|t 0
|e QA402.5 .M355
|h Library of Congress classification
|i unmediated -- volume
|m A14806205566
|
| 998 |
f |
f |
|a QA402.5 .M355
|t 0
|l Remote Storage
|